Nguyễn Khải tiểu thuyết Gặp gỡ cuối năm thời gian của người

שמור ב:
מידע ביבליוגרפי
פורמט: ספר
יצא לאור: H. Tác phẩm mới 1987
מהדורה:In lần thứ ba
נושאים:
תגים: הוספת תג
אין תגיות, היה/י הראשונ/ה לתייג את הרשומה!
Thư viện lưu trữ: Trung tâm Học liệu Lê Vũ Hùng, Trường Đại học Đồng Tháp
LEADER 00776pam a22002298a 4500
001 00019646
005 20171026081022.0
008 110507s1987 ||||||Viesd
041 0 # |a Vie 
082 1 4 |b NG527KH  |a 895.922 803 
245 0 0 |a Nguyễn Khải tiểu thuyết  |b Gặp gỡ cuối năm thời gian của người 
250 # # |a In lần thứ ba 
260 # # |a H.  |b Tác phẩm mới  |c 1987 
300 # # |a 288 tr.  |c 19 cm. 
650 # 4 |a Hồi ký 
650 # 4 |a Văn học hiện đại 
653 # # |a Việt Nam 
852 # # |b Kho mượn  |j KM.0009541 
852 # # |b Kho đọc  |j KD.0004923 
852 # # |j KD.0004923  |j KM.0009541 
910 |d 07/05/2011 
980 # # |a Trung tâm Học liệu Lê Vũ Hùng, Trường Đại học Đồng Tháp